| 000 | 00844nam a2200253 a 4500 | ||
|---|---|---|---|
| 001 | BRCA_7087 | ||
| 005 | 20190320205716.0 | ||
| 008 | 081211s1884----u--ac#####---#000-0#eng-# | ||
| 041 | _aeng | ||
| 044 | _au | ||
| 050 | 4 |
_aF908 _b.W69 1884 |
|
| 100 | 1 |
_aWillard, Eugene S. _cMrs. _d1853-1915 _917616 |
|
| 245 | 1 | 0 |
_aLife in Alaska _cLetters of Mrs. Eugene S. Willard ; edited by her sister, Mrs. Eva McClintock. |
| 260 |
_aFiladelfia _bPresbyterian Board of Publication _cc1884 |
||
| 300 |
_a384 p. _bil., mapas _c18 cm. |
||
| 500 | _aIncluye índice y glosario | ||
| 500 | _aO88 | ||
| 650 | 1 | 4 |
_aLos indios de america del norte _zAlaska _917617 |
| 650 | 1 | 4 |
_aIglesia Presbiteriana de la U. S. A _xMisiones _917618 |
| 651 | 4 |
_aAlaska _xDescripción y viajes _915709 |
|
| 700 | 1 |
_aMcClintock, Eva _eed. _917619 |
|
| 902 | _aGFM | ||
| 942 |
_2lcc _cB |
||
| 999 |
_c6768 _d6768 |
||